Japanese experience / (Record no. 1465)
[ view plain ]
| 000 -LEADER | |
|---|---|
| fixed length control field | nam a22 7a 4500 |
| 005 - DATE AND TIME OF LATEST TRANSACTION | |
| control field | 20170509155207.0 |
| 008 - FIXED-LENGTH DATA ELEMENTS--GENERAL INFORMATION | |
| fixed length control field | 170509b1987 my ||||| |||| 00| 0 eng d |
| 020 ## - INTERNATIONAL STANDARD BOOK NUMBER | |
| International Standard Book Number | 9679781577 |
| 040 ## - CATALOGING SOURCE | |
| Original cataloging agency | AKMAL |
| 082 ## - DEWEY DECIMAL CLASSIFICATION NUMBER | |
| Classification number | 309.952 TEO |
| 090 ## - LOCALLY ASSIGNED LC-TYPE CALL NUMBER (OCLC); LOCAL CALL NUMBER (RLIN) | |
| Classification number (OCLC) (R) ; Classification number, CALL (RLIN) (NR) | 309.952 |
| Local cutter number (OCLC) ; Book number/undivided call number, CALL (RLIN) | TEO |
| 100 1# - MAIN ENTRY--PERSONAL NAME | |
| Personal name | Teo, Chris K. H. |
| 9 (RLIN) | 2903 |
| 245 10 - TITLE STATEMENT | |
| Title | Japanese experience / |
| Statement of responsibility, etc. | Chris K.H. Teo |
| 260 ## - PUBLICATION, DISTRIBUTION, ETC. | |
| Place of publication, distribution, etc. | Petaling Jaya : |
| Name of publisher, distributor, etc. | Pelanduk Publications, |
| Date of publication, distribution, etc. | 1987 |
| 300 ## - PHYSICAL DESCRIPTION | |
| Extent | 162p. : |
| Other physical details | ill. ; |
| Dimensions | 19cm |
| 651 #0 - SUBJECT ADDED ENTRY--GEOGRAPHIC NAME | |
| Geographic name | Japan |
| General subdivision | Social life and customs |
| 9 (RLIN) | 2904 |
| 942 ## - ADDED ENTRY ELEMENTS (KOHA) | |
| Source of classification or shelving scheme | |
| Koha item type | Book |
| Withdrawn status | Lost status | Source of classification or shelving scheme | Damaged status | Not for loan | Collection code | Home library | Current library | Shelving location | Date acquired | Inventory number | Total Checkouts | Full call number | Barcode | Date last seen | Price effective from | Koha item type |
|---|---|---|---|---|---|---|---|---|---|---|---|---|---|---|---|---|
| NON-FICTION | AKMAL Melaka | AKMAL Melaka | PINJAMAN | 09.05.2017 | 300005 | 309.952 TEO | 201702842 | 09.05.2017 | 09.05.2017 | Book |
